| 000 | 00479nam a2200169Ia 4500 | ||
|---|---|---|---|
| 003 | OSt | ||
| 005 | 20200622100623.0 | ||
| 008 | 190216s9999||||xx |||||||||||||| ||und|| | ||
| 020 | _a9780195646337 | ||
| 040 | _coclc | ||
| 082 |
_a954 _bSAR/W |
||
| 100 |
_aSarkar, Sumit _93021 |
||
| 245 | 0 |
_aWriting Social History / _cSumit Sarkar |
|
| 260 |
_bOxford University Press, _c2002. _aNew Delhi: |
||
| 300 | _a390p | ||
| 942 |
_cBK _2ddc _h954 _iSAR/W _k954 _mSAR/W |
||
| 999 |
_c20891 _d20891 |
||